<?xml version="1.0" encoding="UTF-8" ?>
<collection xmlns="http://www.loc.gov/MARC21/slim"><record><leader>01704nam a2200361   4500</leader><controlfield tag="001">231070</controlfield><controlfield tag="003">CH-000273-5</controlfield><controlfield tag="005">20250804125504.0</controlfield><datafield tag="020" ind1=" " ind2=" "><subfield code="a">978-3-7533-0541-7</subfield><subfield code="q">Deutsche Ausgabe</subfield></datafield><datafield tag="040" ind1=" " ind2=" "><subfield code="a">CH-000273-5</subfield><subfield code="b">ger</subfield><subfield code="e">rda</subfield></datafield><datafield tag="041" ind1=" " ind2=" "><subfield code="a">ger</subfield></datafield><datafield tag="245" ind1="0" ind2="0"><subfield code="a">Radikal!</subfield><subfield code="b">Künstlerinnen* und Moderne 1910-1950</subfield><subfield code="c">herausgegeben von Stella Rollig, Stephanie Auer, Andrea Jahn, Kathrin Elvers-Švamberk ; mit Texten von Stephanie Auer [und 10 weiteren]</subfield></datafield><datafield tag="264" ind1=" " ind2="1"><subfield code="a">Köln</subfield><subfield code="b">Verlag der Buchhandlung Walther und Franz König</subfield><subfield code="c">[2024]</subfield></datafield><datafield tag="300" ind1=" " ind2=" "><subfield code="a">256 Seiten</subfield><subfield code="b">Illustrationen</subfield><subfield code="c">28 cm</subfield></datafield><datafield tag="336" ind1=" " ind2=" "><subfield code="a">Text</subfield><subfield code="b">txt</subfield><subfield code="2">rdacontent</subfield></datafield><datafield tag="336" ind1=" " ind2=" "><subfield code="a">unbewegts Bild</subfield><subfield code="b">sti</subfield><subfield code="2">rdacontent</subfield></datafield><datafield tag="337" ind1=" " ind2=" "><subfield code="a">ohne Hilfsmittel zu benutzen</subfield><subfield code="b">n</subfield><subfield code="2">rdamedia</subfield></datafield><datafield tag="338" ind1=" " ind2=" "><subfield code="a">Band</subfield><subfield code="b">nc</subfield><subfield code="2">rdacarrier</subfield></datafield><datafield tag="650" ind1=" " ind2="7"><subfield code="a">Künstlerin</subfield><subfield code="x">Moderne</subfield><subfield code="x">Kunst</subfield><subfield code="y">Geschichte 1910-1950</subfield><subfield code="2">gnd</subfield></datafield><datafield tag="655" ind1=" " ind2="7"><subfield code="a">Ausstellungskatalog</subfield><subfield code="x">Museum Arnhem</subfield><subfield code="y">07.09.2024-05.01.2025</subfield><subfield code="z">Arnheim</subfield><subfield code="2">gnd-content</subfield></datafield><datafield tag="655" ind1=" " ind2="7"><subfield code="a">Ausstellungskatalog</subfield><subfield code="x">Saarlandmuseum. Moderne Galerie</subfield><subfield code="y">08.02.2025-18.05.2025</subfield><subfield code="z">Saarbrücken</subfield><subfield code="2">gnd-content</subfield></datafield><datafield tag="655" ind1=" " ind2="7"><subfield code="a">Ausstellungskatalog</subfield><subfield code="x">Belvedere</subfield><subfield code="y">17.06.2025-12.10.2025</subfield><subfield code="z">Wien</subfield><subfield code="2">gnd-content</subfield></datafield><datafield tag="655" ind1=" " ind2="7"><subfield code="a">Bildband</subfield><subfield code="2">gndcontent</subfield></datafield><datafield tag="700" ind1="1" ind2=" "><subfield code="a">Rollig, Stella</subfield><subfield code="d">1960-</subfield><subfield code="e">Herausgeber</subfield><subfield code="4">edt</subfield></datafield><datafield tag="700" ind1="1" ind2=" "><subfield code="a">Auer, Stephanie</subfield><subfield code="e">Herausgeber</subfield><subfield code="4">edt</subfield></datafield><datafield tag="700" ind1="1" ind2=" "><subfield code="a">Jahn, Andrea</subfield><subfield code="d">1964-</subfield><subfield code="e">Herausgeber</subfield><subfield code="4">edt</subfield></datafield><datafield tag="700" ind1="1" ind2=" "><subfield code="a">Elvers-Švamberk, Kathrin</subfield><subfield code="d">1965-</subfield><subfield code="e">Herausgeber</subfield><subfield code="4">edt</subfield></datafield><datafield tag="710" ind1="2" ind2=" "><subfield code="a">Museum Arnhem</subfield><subfield code="e">Veranstalter</subfield><subfield code="4">orm</subfield></datafield><datafield tag="710" ind1="2" ind2=" "><subfield code="a">Saarlandmuseum</subfield><subfield code="b">Moderne Galerie</subfield><subfield code="e">Veranstalter</subfield><subfield code="4">orm</subfield></datafield><datafield tag="710" ind1="2" ind2=" "><subfield code="a">Belvedere</subfield><subfield code="e">Veranstalter</subfield><subfield code="4">orm</subfield></datafield><datafield tag="775" ind1="0" ind2=" "><subfield code="i">Englische Ausgabe</subfield><subfield code="t">Radical!</subfield><subfield code="z">978-3-7533-0542-4</subfield></datafield><datafield tag="775" ind1="0" ind2=" "><subfield code="i">Englisch/Niederländische Ausgabe</subfield><subfield code="t">Radical!</subfield><subfield code="z">978-3-7533-0735-3</subfield></datafield><datafield tag="852" ind1="4" ind2=" "><subfield code="a">CH-000273-5</subfield><subfield code="c">C 2025/0330</subfield></datafield></record></collection>